Statistics for Countries that hate China

Click here to take the quiz!

General Stats

  • This quiz has been taken 200 times
    (199 since last reset)
  • The average score is 16 of 24

Answer Stats

ContinentCountry% Correct
OceaniaAustralia
92%
North AmericaUnited States of America
91%
AsiaIndia
88%
AsiaJapan
88%
AsiaSouth Korea
83%
North AmericaCanada
79%
EuropeFrance
78%
AsiaTaiwan
78%
EuropeGermany
77%
AsiaVietnam
77%
AsiaIndonesia
71%
AsiaMalaysia
69%
AsiaThailand
69%
AsiaMongolia
68%
AsiaBhutan
65%
AsiaCambodia
65%
AsiaLaos
65%
AsiaNepal
60%
Asiathe Philppines
59%
AsiaSingapore
55%
AsiaMyanmar
54%
OceaniaSolomon Islands
40%
OceaniaTonga
39%
EuropeSpain
38%

Score Distribution

Percentile by Number Answered

Percent of People with Each Score

Your Score History

You have not taken this quiz since the last reset